000 00422nam a22001697a 4500
005 20160526122834.0
008 160526b xxu||||| |||| 00| 0 eng d
020 _a81-203-2134-0
041 _aeng
082 _b5210
100 _aNicholas, John M.
_91306
245 _aProfect Mgt. for Business and Technology
260 _aNew Delhi
_bAcademic Faundation
300 _a590
650 _aManagement
_9241
942 _cBK
999 _c1830
_d1829